| 000 | 00967nam a2200253 a 4500 | ||
|---|---|---|---|
| 001 | 000016142 | ||
| 005 | 20250502073819.0 | ||
| 008 | 100226s1982 dr a 001 0 spa d | ||
| 040 |
_aDO-SdBNP _bspa _cBNPHU |
||
| 082 |
_a658.306 _bA485c |
||
| 100 | 1 |
_aAmaro Guzmán, Raymundo _9656 |
|
| 245 | 1 | 0 |
_aClasificación de puestos y administración de sueldos y salarios / _cRaymundo Amaro Guzmán. |
| 260 |
_aSanto Domingo : _bONAP, _c1982. |
||
| 300 |
_a107 p. : _bil. ; _c22 cm. |
||
| 490 | 1 |
_aEstudios administrativos _v9 |
|
| 500 | _aIncluye índice alfabético | ||
| 500 | _aIncluye referencias bibliográficas y notas al pie de las páginas | ||
| 590 | _aInventariado, 2018/ YL | ||
| 650 | 4 |
_aEmpleo _xClasificación _936136 |
|
| 650 | 4 |
_aSalarios _xAdministración _936137 |
|
| 710 | 1 |
_aRepública Dominicana. _bOficina Nacional de Administración y Personal _926398 |
|
| 830 | 0 |
_aEstudios administrativos _n9 _936138 |
|
| 910 | _aValidado. Control de calidad MFF | ||
| 999 |
_c15682 _d15682 |
||